| 000 | 00575nam a2200133Ia 4500 | ||
|---|---|---|---|
| 008 | 220216s9999 xx 000 0 und d | ||
| 100 | _aMeenakumari T | ||
| 245 | 0 | _aHevea brasiliensis: Status of genetic resource management adn utilisation in India | |
| 260 | _bProceedings of National Seminar on Bioresource Conservation and Utilization, 13-14 May 2017, University of Agricultural Sciences, Dharwad, Karnataka and College of Forestry, Siri, Karnataka, India. | ||
| 650 | _aGenetic resource management | ||
| 700 | _aMercy M.A | ||
| 856 | _uBibli details only | ||
| 942 | _cJS | ||
| 999 |
_c60308 _d60308 |
||